Ερανίσματα περί Χίου και Χίων
Αποθηκεύτηκε σε:
| Κύριος συγγραφέας: | |
|---|---|
| Άλλοι συγγραφείς: | |
| Μορφή: | Βιβλίο |
| Γλώσσα: | Greek |
| Δημοσίευση: |
Χίος :
Άλφα Πί,
2003
|
| Θέματα: | |
| Ετικέτες: |
Προσθήκη ετικέτας
Δεν υπάρχουν, Καταχωρήστε ετικέτα πρώτοι!
|
MARC
| LEADER | 00000nam a2200000 i 4500 | ||
|---|---|---|---|
| 001 | 1/82142 | ||
| 008 | 050722s2003 gre d | ||
| 020 | |a 960-8262-17-8 | ||
| 035 | |l 10079449 | ||
| 040 | |a GR-MY-UA |b gre |e aacr | ||
| 041 | 0 | |a gre | |
| 082 | 0 | |a 390.0949582 |2 (22) | |
| 100 | 1 | |a Μίτσης, Νίκος. | |
| 245 | 1 | 0 | |a Ερανίσματα περί Χίου και Χίων / |c Νίκου Μίτση ; πρόλογος: Στέλλα Βόγια |
| 260 | |a Χίος : |b Άλφα Πί, |c 2003 | ||
| 300 | |a 130 σ.; |b εικ.; |c 23 εκ. | ||
| 500 | |a Ά τόμος | ||
| 504 | |a Περιλαμβάνει βιβλιογραφία και ευρετήριο | ||
| 650 | 0 | 0 | |a Folklore |z Chios Island (Greece) |
| 650 | 0 | 0 | |a Culture |x History. |
| 651 | 0 | |a Chios Island (Greece) |x History. | |
| 700 | 1 | |a Βόγια, Στέλλα. |4 aui | |
| 852 | |a INST |b CHIOS |e 20050722 |h 390.0949582 ΜΙΤ |p 005200022024 |q 005200022024 |t BK |y 0 |z τ.1 | ||
| 852 | |a INST |b CHIOS |e 20050722 |h 390.0949582 ΜΙΤ |p 005200022024 |q 005200022024 |t BK |v τ.1: |y 0 |z τ.1 | ||
| 853 | |a INST |b CHIOS |h 390.0949582 ΜΙΤ | ||
| 901 | |a BIBL2-2005-2 | ||
| 909 | |a Χ |b 112868 | ||
| 922 | |a 2ΕΛΗ |b 200502 |c ΚΕΝΤΡΙΚΗ ΒΙΒΛΙΟΘΗΚΗ |d ΠΥΞΙΔΑ | ||
| 970 | |a ΧΑΖΙΡΗ |b ΑΝΝΑ |z 2005/07/22 | ||